000 00699cam a22002531 4500
001 sa 64008077
003 DLC
005 20260227112052.0
008 890720s1964 ii b 000 0 hino
010 _asa 64008077
035 _a(OCoLC)20047070
040 _aDLC
_cWaU
_dDLC
042 _apremarc
043 _aa-ii---
050 0 0 _aPK2042
_b.V3 1964
100 1 _aVājapeyī, Prakāśa.
245 1 0 _aHindī ke āñcalika upanyāsa.
260 _c[1964]
300 _a2, 3, 156 p.
_c22 cm.
500 _aIn Hindi.
500 _aA revision of the author's thesis (M. A.), Saugar University.
504 _aBibliography: p. [155]-156.
650 0 _aHindi fiction
_xHistory and criticism.
999 _c60673
_d60673